000 00636nam a22001337a 4500
040 _cRUA
082 _aAVM SIN 2013 B109 Or.1
100 _aSIN, PHEARA.
245 _aSurvey on classical swine fever and foot and mouth disease of pig in bati district takeo province, ការអង្កេតពីជំងឺអុតក្ដាម និង ប៉េស្ដលើជ្រូក នៅស្រុកបាទី ខេត្តតាកែវ
260 _aPhnom Penh
_bRUA
_c2013
300 _ax; 43p.
_bill.
_c29cm.
856 _uhttps://drive.google.com/file/d/1EPndR9TBi52UbBIN-oJxM27Q4zm3F_oc/view?usp=sharing
942 _cAVM
999 _c2678
_d2678